[Event "BCF-chT2a 1516 (4NCL)"]
[Site "England"]
[Date "2016.01.24"]
[Round "4.238"]
[White "Zhang, Harvey Y"]
[Black "Zhou, Yang Jian"]
[Result "1/2-1/2"]
[WhiteElo "1728"]
[BlackElo "1945"]
[PlyCount "51"]
[EventDate "2015.11.14"]
[EventType "team-tourn"]
[EventRounds "7"]
[EventCountry "ENG"]
[SourceTitle "CBM 170 Extra"]
[Source "ChessBase"]
[SourceDate "2016.02.25"]
[SourceVersion "1"]
[SourceVersionDate "2016.02.25"]
[SourceQuality "1"]
[WhiteTeam "Kings Head"]
[BlackTeam "Celtic Tigers"]
[WhiteTeamCountry "ENG"]
[BlackTeamCountry "ENG"]

1. d4 Nf6 2. Nf3 g6 3. c4 Bg7 4. Nc3 0-0 5. e4 d6 6. h3 e5 7. d5 Nbd7 8. Bg5 h6 9. Be3 Ne8 10. Qc1 Kh7 11. g4 Nb6 12. g5 h5 13. Rg1 c6 14. Rg3 cxd5 15. cxd5 Bd7 16. Qd2 Rc8 17. b3 a5 18. a4 Na8 19. Be2 Rh8 20. Nb5 Kg8 21. Bd3 h4 22. Rg2 Bxh3 23. Rh2 Qd7 24. Ng1 Bg4 25. f3 Bh5 26. Rxh4 1/2-1/2

[Event "BCF-chT2a 1516 (4NCL)"]
[Site "England"]
[Date "2015.11.14"]
[Round "1.218"]
[White "Zhou, Yang Jian"]
[Black "Parekh, Rajen M"]
[Result "1-0"]
[WhiteElo "1945"]
[BlackElo "1855"]
[PlyCount "73"]
[EventDate "2015.11.14"]
[EventType "team-tourn"]
[EventRounds "7"]
[EventCountry "ENG"]
[SourceTitle "CBM 169 Extra"]
[Source "ChessBase"]
[SourceDate "2015.12.18"]
[SourceVersion "1"]
[SourceVersionDate "2015.12.18"]
[SourceQuality "1"]
[WhiteTeam "Celtic Tigers"]
[BlackTeam "Warwicks Select"]
[WhiteTeamCountry "ENG"]
[BlackTeamCountry "ENG"]

1. Nf3 d5 2. d4 Nf6 3. c4 e6 4. Nc3 Bb4 5. Qa4+ Nc6 6. Ne5 a5 7. Nxc6 bxc6 8. Bg5 0-0 9. a3 Be7 10. c5 Bd7 11. e3 Nh5 12. Bxe7 Qxe7 13. Be2 Qg5 14. g4 Nf6 15. h4 Qg6 16. h5 Qh6 17. 0-0-0 e5 18. dxe5 Nxg4 19. Bxg4 Bxg4 20. Qxg4 f5 21. Qf4 Qe6 22. Qg3 Qe7 23. Rdg1 Rf7 24. h6 g6 25. Rh5 Kf8 26. Rg5 Qxc5 27. Rxg6 hxg6 28. Qxg6 Ke7 29. e6 Rf6 30. Qg7+ Kxe6 31. h7 Qf8 32. Qg8+ Qxg8 33. Rxg8 Rh6 34. Rxa8 Rxh7 35. Rxa5 Rh2 36. Nd1 Rh4 37. b3 1-0

[Event "BCF-chT2b 1415 (4NCL)"]
[Site "England"]
[Date "2015.01.10"]
[Round "3.22"]
[White "Zhou, Yang Jian"]
[Black "Slade, Theodore"]
[Result "1/2-1/2"]
[WhiteElo "1892"]
[BlackElo "1927"]
[PlyCount "87"]
[EventDate "2014.11.15"]
[EventType "team-tourn"]
[EventRounds "7"]
[EventCountry "ENG"]
[SourceTitle "EXT 2016"]
[Source "ChessBase"]
[SourceDate "2015.10.08"]
[SourceVersion "1"]
[SourceVersionDate "2015.10.08"]
[SourceQuality "1"]
[WhiteTeam "Wessex"]
[BlackTeam "White Rose II"]
[WhiteTeamCountry "ENG"]
[BlackTeamCountry "ENG"]

1. Nf3 Nf6 2. c4 b6 3. d4 e6 4. Nc3 Bb7 5. g3 Be7 6. Bg2 0-0 7. 0-0 Ne4 8. Qc2 Nxc3 9. Qxc3 c5 10. Rd1 Bf6 11. Be3 Nc6 12. Qd2 d6 13. d5 exd5 14. cxd5 Ne7 15. Ng5 Nf5 16. Bf4 Re8 17. Be4 Bxg5 18. Bxg5 f6 19. Bxf5 fxg5 20. Qd3 h6 21. Be6+ Kh8 22. e4 Bc8 23. Bf7 Rf8 24. Bh5 Qf6 25. Rd2 g4 26. f3 Qxf3 27. Rf1 Qxf1+ 28. Qxf1 Rxf1+ 29. Kxf1 Bd7 30. Rf2 Kg8 31. Bf7+ Kh7 32. Bh5 Be8 33. Bxg4 Bg6 34. Rf4 Re8 35. Be6 Re7 36. g4 Be8 37. Rf8 Bd7 38. Bxd7 Rxd7 39. Kf2 g6 40. Rf6 Kg7 41. Re6 Rf7+ 42. Ke3 Rf6 43. Re7+ Rf7 44. Re6 1/2-1/2

[Event "BCF-chT2b 1415 (4NCL)"]
[Site "England"]
[Date "2014.11.15"]
[Round "1.88"]
[White "Zhou, Yang Jian"]
[Black "Summerscale, Claire"]
[Result "1-0"]
[WhiteElo "1810"]
[BlackElo "1936"]
[PlyCount "79"]
[EventDate "2014.11.15"]
[EventType "team-tourn"]
[EventRounds "7"]
[EventCountry "ENG"]
[SourceTitle "CBM 163 Extra"]
[Source "ChessBase"]
[SourceDate "2014.12.23"]
[SourceVersion "1"]
[SourceVersionDate "2014.12.23"]
[SourceQuality "1"]
[WhiteTeam "Wessex"]
[BlackTeam "Grantham Sharks II"]
[WhiteTeamCountry "ENG"]
[BlackTeamCountry "ENG"]

1. Nf3 d5 2. d4 Nf6 3. c4 e6 4. e3 c5 5. cxd5 exd5 6. dxc5 Bxc5 7. Nc3 Nc6 8. Bb5 0-0 9. 0-0 Bg4 10. h3 Bh5 11. Na4 Bd6 12. Be2 Bc7 13. Nd4 Qd6 14. g3 Bg6 15. Nb5 Qe7 16. Nxc7 Qxc7 17. b3 Ne4 18. Kg2 Rad8 19. Bb2 Rfe8 20. Rc1 Qb8 21. Bb5 Nxg3 22. fxg3 Rxe3 23. Qg4 Be4+ 24. Kh2 d4 25. Bxc6 Bxc6 26. Rf4 Rde8 27. Bxd4 Re2+ 28. Rf2 Rxf2+ 29. Bxf2 Re4 30. Qf5 Qe8 31. Nc3 Re5 32. Qg4 h5 33. Qd4 Rf5 34. Re1 Qb8 35. Qxa7 Qc7 36. Qb6 Qd6 37. Rd1 Qf6 38. Qd8+ Qxd8 39. Rxd8+ Kh7 40. Rd2 1-0

[Event "BCF-ch Week2 PM op"]
[Site "Aberystwyth"]
[Date "2014.07.29"]
[Round "3"]
[White "Zhou, Yang Jian"]
[Black "Buttell, David"]
[Result "1/2-1/2"]
[WhiteElo "1755"]
[BlackElo "1846"]
[PlyCount "96"]
[EventDate "2014.07.28"]
[EventType "swiss"]
[EventRounds "5"]
[EventCountry "WLS"]
[SourceTitle "EXT 2017"]
[Source "ChessBase"]
[SourceDate "2016.10.25"]
[SourceVersion "1"]
[SourceVersionDate "2016.10.25"]
[SourceQuality "1"]

1. Nf3 Nf6 2. c4 c5 3. g3 g6 4. Bg2 Bg7 5. 0-0 0-0 6. Nc3 Nc6 7. a3 d6 8. Rb1 Rb8 9. b4 b6 10. b5 Ne5 11. Nxe5 dxe5 12. d3 Bb7 13. Bb2 Bxg2 14. Kxg2 Qd7 15. Qc2 Qb7+ 16. Kg1 Rbd8 17. Rbd1 Rd7 18. Nb1 Ne8 19. Nd2 f6 20. a4 Nc7 21. Ra1 Ne6 22. a5 Rfd8 23. Rfb1 Ng5 24. f3 Ne6 25. Qd1 Bh6 26. Bc1 Be3+ 27. Kg2 Nd4 28. Nb3 Nf5 29. g4 Nh4+ 30. Kg3 Bxc1 31. Qxc1 g5 32. axb6 axb6 33. Ra6 Rxd3 34. Qf1 R3d6 35. Rba1 Qd7 36. Ra7 Qe6 37. Qc1 Ng6 38. R1a6 Nf4 39. Qc2 Kh8 40. Rb7 h5 41. Raa7 R6d7 42. Qe4 Rxb7 43. Rxb7 h4+ 44. Kf2 Qd6 45. Qc2 Kg7 46. Qb1 Ng6 47. Kg2 Kf7 48. Qc2 Kg7 1/2-1/2

[Event "BCF-ch U14"]
[Site "Aberystwyth"]
[Date "2014.07.27"]
[Round "2"]
[White "Forster, Matthew"]
[Black "Zhou, Yang Jian"]
[Result "1-0"]
[WhiteElo "141"]
[BlackElo "152"]
[PlyCount "79"]
[EventDate "2014.07.27"]
[EventType "swiss"]
[EventRounds "7"]
[EventCountry "WLS"]
[SourceTitle "EXT 2017"]
[Source "ChessBase"]
[SourceDate "2016.10.25"]
[SourceVersion "1"]
[SourceVersionDate "2016.10.25"]
[SourceQuality "1"]

1. c4 c5 2. g3 g6 3. Bg2 Bg7 4. Nc3 Nc6 5. e3 Nf6 6. Nge2 0-0 7. 0-0 d6 8. d3 Be6 9. Qd2 d5 10. cxd5 Nxd5 11. Rd1 Nxc3 12. bxc3 Qd7 13. d4 cxd4 14. cxd4 Bd5 15. Rb1 Bxg2 16. Kxg2 Qd5+ 17. f3 Rab8 18. Ba3 Rfd8 19. e4 Qd7 20. d5 Ne5 21. Qb4 Bf8 22. Qd4 f6 23. f4 Nf7 24. Qxa7 Ra8 25. Qe3 Qa4 26. Rd3 Nd6 27. Bxd6 exd6 28. a3 Re8 29. Rb4 Qa6 30. Nd4 Rac8 31. Rbb3 Rc4 32. Rdc3 Ra4 33. Ne6 Rb8 34. Rb6 Qa7 35. Nxf8 Rxf8 36. Rxd6 Qa5 37. Rb6 Re8 38. Rxb7 Raxe4 39. Qxe4 Rd8 40. Qe6+ 1-0

[Event "BCF-ch U16"]
[Site "Aberystwyth"]
[Date "2014.07.26"]
[Round "7"]
[White "Zhou, Yang Jian"]
[Black "Karia, Rishul"]
[Result "1/2-1/2"]
[WhiteElo "1755"]
[BlackElo "1642"]
[PlyCount "86"]
[EventDate "2014.07.21"]
[EventType "swiss"]
[EventRounds "7"]
[EventCountry "WLS"]
[SourceTitle "CBM 161 Extra"]
[Source "ChessBase"]
[SourceDate "2014.08.29"]
[SourceVersion "1"]
[SourceVersionDate "2014.08.29"]
[SourceQuality "1"]

1. Nf3 Nf6 2. c4 g6 3. Nc3 Bg7 4. g3 0-0 5. Bg2 c5 6. 0-0 Nc6 7. d3 d6 8. Rb1 Bd7 9. a3 a6 10. b4 b6 11. Nd2 Rb8 12. Nde4 Nxe4 13. Nxe4 h6 14. Bb2 f5 15. Bxg7 Kxg7 16. Nc3 e5 17. Nd5 Ne7 18. Qd2 Nxd5 19. Bxd5 Qf6 20. e3 g5 21. f4 exf4 22. exf4 Qd4+ 23. Kg2 Kg6 24. Rbe1 Rbe8 25. Rf2 Rxe1 26. Qxe1 Re8 27. Re2 Rxe2+ 28. Qxe2 Qf6 29. Kf3 g4+ 30. Kg2 h5 31. Bb7 a5 32. b5 Be6 33. Bc6 Bf7 34. h4 Qg7 35. Be8 Bxe8 36. Qxe8+ Qf7 37. Qd8 Qf6 38. Qg8+ Qg7 39. Qe8+ Qf7 40. Qd8 Qf6 41. Qxb6 Qb2+ 42. Kf1 Qc1+ 43. Ke2 Qc2+ 1/2-1/2

[Event "BCF-chT2a 1314 (4NCL)"]
[Site "England"]
[Date "2014.01.12"]
[Round "4.28"]
[White "Talsma, Paul"]
[Black "Zhou, Yang Jian"]
[Result "1-0"]
[WhiteElo "2186"]
[BlackElo "1706"]
[PlyCount "93"]
[EventDate "2013.11.16"]
[EventType "team-swiss"]
[EventRounds "11"]
[EventCountry "ENG"]
[SourceTitle "EXT 2015"]
[Source "ChessBase"]
[SourceDate "2014.11.20"]
[SourceVersion "1"]
[SourceVersionDate "2014.11.20"]
[SourceQuality "1"]
[WhiteTeam "Anglian Avengers"]
[BlackTeam "Wessex"]
[WhiteTeamCountry "ENG"]
[BlackTeamCountry "ENG"]

1. d4 Nf6 2. c4 d6 3. Nc3 g6 4. e4 Bg7 5. Bg5 0-0 6. Qd2 c5 7. d5 e6 8. Be2 exd5 9. exd5 Re8 10. Nf3 Bg4 11. 0-0 Nbd7 12. h3 Bxf3 13. Bxf3 Ne5 14. Be2 Qb6 15. Qc2 h6 16. Bd2 Re7 17. Rae1 Rae8 18. b3 Ned7 19. Bd1 Qd8 20. Rxe7 Rxe7 21. Re1 Qe8 22. Rxe7 Qxe7 23. Qd3 a6 24. Qe2 Kf8 25. a4 Qe5 26. Qxe5 Nxe5 27. Be2 Nfd7 28. f4 f5 29. fxe5 Nxe5 30. g4 fxg4 31. hxg4 g5 32. Ne4 Ke7 33. Ng3 Bf8 34. Kf2 b6 35. Nf5+ Kf6 36. a5 bxa5 37. Bxa5 h5 38. Bd8+ Kg6 39. Ne7+ Kf7 40. Nc6 Nxg4+ 41. Bxg4 hxg4 42. Kg3 Ke8 43. Kxg4 Kd7 44. Kxg5 Bg7 45. Bf6 Bf8 46. Kg6 Kc7 47. Bg5 1-0

[Event "BCF-chT2a 1314 (4NCL)"]
[Site "England"]
[Date "2014.01.11"]
[Round "3.38"]
[White "Zhou, Yang Jian"]
[Black "Sucikova, Svetlana"]
[Result "0-1"]
[WhiteElo "1706"]
[BlackElo "1934"]
[PlyCount "88"]
[EventDate "2013.11.16"]
[EventType "team-swiss"]
[EventRounds "11"]
[EventCountry "ENG"]
[SourceTitle "EXT 2015"]
[Source "ChessBase"]
[SourceDate "2014.11.20"]
[SourceVersion "1"]
[SourceVersionDate "2014.11.20"]
[SourceQuality "1"]
[WhiteTeam "Wessex"]
[BlackTeam "Poisoned Pawns"]
[WhiteTeamCountry "ENG"]
[BlackTeamCountry "ENG"]

1. c4 e5 2. g3 Nc6 3. Bg2 g6 4. Nc3 Bg7 5. e4 d6 6. Nge2 f5 7. d3 Nf6 8. Bg5 h6 9. Bxf6 Bxf6 10. Nd5 Bg7 11. b4 0-0 12. b5 Ne7 13. Nec3 Kh7 14. 0-0 f4 15. Nxe7 Qxe7 16. Nd5 Qf7 17. Qf3 h5 18. h3 g5 19. g4 hxg4 20. hxg4 Kg6 21. Bh3 Be6 22. Kg2 Rh8 23. Rh1 Raf8 24. Rh2 Rh4 25. Rg1 Rfh8 26. a4 Bf8 27. Kf1 c6 28. Nb4 Qc7 29. bxc6 bxc6 30. Ke2 Qb6 31. Nc2 Qb2 32. Kd2 Be7 33. Rhh1 Bd8 34. Qd1 Rxh3 35. Rxh3 Rxh3 36. Ke2 Bb6 37. Kf1 Rh2 38. Rg2 Rh1+ 39. Rg1 Rxg1+ 40. Kxg1 f3 41. a5 Bc5 42. d4 Bxd4 43. Nxd4 Qxd4 44. Qxf3 Kg7 0-1

[Event "London Classic op-B U2000 5th"]
[Site "London"]
[Date "2013.12.14"]
[Round "2"]
[White "Strachan, Gavin I"]
[Black "Zhou, Yang Jian"]
[Result "1-0"]
[WhiteElo "1872"]
[BlackElo "1693"]
[PlyCount "83"]
[EventDate "2013.12.13"]
[EventType "swiss"]
[EventRounds "5"]
[EventCountry "ENG"]
[SourceTitle "EXT 2016"]
[Source "ChessBase"]
[SourceDate "2015.10.08"]
[SourceVersion "1"]
[SourceVersionDate "2015.10.08"]
[SourceQuality "1"]

1. e4 c5 2. Nc3 g6 3. f4 Bg7 4. Nf3 Nc6 5. d3 d6 6. h3 Nf6 7. g4 Rb8 8. a4 a6 9. Bg2 b5 10. axb5 axb5 11. 0-0 b4 12. Ne2 0-0 13. Qe1 e6 14. Ng5 Ne7 15. Qh4 h6 16. Nf3 Kh7 17. f5 exf5 18. Bxh6 Bxh6 19. exf5 Kg7 20. g5 Bxg5 21. Nxg5 Nxf5 22. Qf2 Bb7 23. Ra7 Bxg2 24. Ne6+ Kg8 25. Nxd8 Bxf1 26. Nc6 Rbc8 27. Ne7+ Nxe7 28. Qxf6 Nc6 29. Qxf1 Nxa7 30. Qf6 d5 31. Nf4 Rc6 32. Qg5 Kg7 33. h4 d4 34. h5 Re8 35. Nd5 Re1+ 36. Kf2 Rce6 37. h6+ Kh7 38. Nf6+ Kh8 39. Ne4 f5 40. Kxe1 fxe4 41. Qd8+ Kh7 42. Qd7+ 1-0

[Event "Hampstead op U2200 10"]
[Site "Hampstead"]
[Date "2013.10.26"]
[Round "2"]
[White "Zhou, Yang Jian"]
[Black "Pepe, Salvatore"]
[Result "0-1"]
[WhiteElo "1680"]
[BlackElo "1906"]
[PlyCount "120"]
[EventDate "2013.10.26"]
[EventType "swiss"]
[EventRounds "5"]
[EventCountry "ENG"]
[SourceTitle "EXT 2015"]
[Source "ChessBase"]
[SourceDate "2014.11.20"]
[SourceVersion "1"]
[SourceVersionDate "2014.11.20"]
[SourceQuality "1"]

1. c4 g6 2. Nf3 Bg7 3. Nc3 d6 4. d4 Nd7 5. e4 c5 6. Be3 cxd4 7. Nxd4 Ngf6 8. Be2 a6 9. 0-0 b6 10. Nd5 Bb7 11. Qc2 Rc8 12. Nc3 0-0 13. f3 Ne5 14. b3 Nc6 15. Nxc6 Rxc6 16. Rad1 Nd7 17. Qd2 Rc8 18. Bh6 Qc7 19. Nd5 Bxd5 20. exd5 Nf6 21. Bxg7 Kxg7 22. Kh1 Rcd8 23. Rfe1 e5 24. dxe6 fxe6 25. Bd3 e5 26. f4 Nh5 27. f5 Nf4 28. fxg6 Nxd3 29. Qxd3 hxg6 30. Re3 Rf6 31. Rf1 Rdf8 32. Ref3 Qc6 33. Rxf6 Rxf6 34. Rxf6 Kxf6 35. Qf1+ Ke6 36. Qf8 b5 37. Qg8+ Kf6 38. Qf8+ Kg5 39. Qe7+ Kf4 40. Qf6+ Ke3 41. Qg5+ Ke2 42. Qxg6 e4 43. Qf6 bxc4 44. Qc3 Qd5 45. Qc2+ Ke3 46. bxc4 Qd3 47. Qc1+ Kd4 48. Qb2+ Kxc4 49. Qc1+ Kd5 50. Qg5+ Kc6 51. Qc1+ Kb5 52. a4+ Kxa4 53. Qa1+ Kb3 54. Qg1 e3 55. Qe1 Kc2 56. Kg1 d5 57. g4 d4 58. g5 Qd2 59. Qf1 d3 60. g6 e2 0-1

[Event "Hampstead op U2200 02"]
[Site "Hampstead"]
[Date "2013.02.17"]
[Round "4"]
[White "Garland Hoff, Florian"]
[Black "Zhou, Yang Jian"]
[Result "0-1"]
[WhiteElo "1658"]
[BlackElo "1619"]
[PlyCount "92"]
[EventDate "2013.02.16"]
[EventType "swiss"]
[EventRounds "5"]
[EventCountry "ENG"]
[SourceTitle "EXT 2014"]
[Source "ChessBase"]
[SourceDate "2013.11.20"]
[SourceVersion "1"]
[SourceVersionDate "2013.11.20"]
[SourceQuality "1"]

1. e4 c5 2. Nc3 g6 3. f4 Bg7 4. Nf3 Nc6 5. Bc4 e6 6. 0-0 Nge7 7. Qe1 0-0 8. Qh4 d5 9. f5 Bxc3 10. dxc3 exf5 11. Bg5 dxc4 12. Rad1 Qc7 13. Bf6 fxe4 14. Ne5 h5 15. Qg5 Kh7 16. g4 Rg8 17. Nxf7 Nf5 18. Nd6 Nxd6 19. Be5 Nxe5 20. Qxe5 Bxg4 21. Qxd6 Qxd6 22. Rxd6 Rgf8 23. Rff6 Rxf6 24. Rxf6 Kg7 25. Rf4 Re8 26. h4 e3 27. Kf1 e2+ 28. Ke1 Rd8 29. Rxg4 hxg4 30. Kxe2 Rh8 31. Kf2 Rxh4 32. Kg3 g5 33. b3 cxb3 34. axb3 b5 35. b4 c4 36. Kg2 Rh3 37. Kf2 Rxc3 38. Kg2 Rxc2+ 39. Kg3 c3 40. Kxg4 Rg2+ 41. Kf5 c2 42. Ke4 c1Q 43. Kd5 Qc4+ 44. Kd6 Rd2+ 45. Ke5 Qf4+ 46. Ke6 Qf6# 0-1

[Event "BCF-chT3S 1213 (4NCL)"]
[Site "England"]
[Date "2013.01.13"]
[Round "4.120"]
[White "Conterno, Dominique"]
[Black "Zhou, Yang Jian"]
[Result "0-1"]
[WhiteElo "1897"]
[BlackElo "1604"]
[PlyCount "45"]
[EventDate "2012.11.03"]
[EventType "team-swiss"]
[EventRounds "6"]
[EventCountry "ENG"]
[SourceTitle "EXT 2014"]
[Source "ChessBase"]
[SourceDate "2013.11.20"]
[SourceVersion "1"]
[SourceVersionDate "2013.11.20"]
[SourceQuality "1"]
[WhiteTeam "The Rookies"]
[BlackTeam "Metropolitan"]
[WhiteTeamCountry "ENG"]
[BlackTeamCountry "ENG"]

1. e4 c5 2. Nf3 g6 3. Nc3 Bg7 4. d4 cxd4 5. Nxd4 Nc6 6. Be3 Nf6 7. f3 0-0 8. Bc4 Qb6 9. Qd2 Nxe4 10. fxe4 Bxd4 11. Bxd4 Qxd4 12. Qxd4 Nxd4 13. 0-0-0 Nc6 14. h4 d6 15. Be2 Ne5 16. Nd5 Nc6 17. h5 Be6 18. hxg6 hxg6 19. Nc7 Rac8 20. Nxe6 fxe6 21. Bg4 Rf6 22. Rd3 Nb4 23. Rdh3 0-1

[Event "Wch U12"]
[Site "Maribor"]
[Date "2012.11.18"]
[Round "11.58"]
[White "Zhou, Yang Jian"]
[Black "Dahl, Trygve"]
[Result "1-0"]
[WhiteElo "1599"]
[BlackElo "1762"]
[PlyCount "43"]
[EventDate "2012.11.08"]
[EventType "swiss"]
[EventRounds "11"]
[EventCountry "SLO"]
[SourceTitle "EXT 2013"]
[Source "ChessBase"]
[SourceDate "2012.11.22"]
[SourceVersion "1"]
[SourceVersionDate "2012.11.22"]
[SourceQuality "1"]

1. c4 e6 2. g3 f5 3. Bg2 d5 4. Nf3 Nf6 5. 0-0 Bd6 6. Nc3 c6 7. d3 0-0 8. cxd5 exd5 9. e4 fxe4 10. dxe4 dxe4 11. Ng5 Qe7 12. Ncxe4 Nxe4 13. Bxe4 Bf5 14. Re1 Bxe4 15. Rxe4 Qf6 16. Qb3+ Kh8 17. Bf4 Bxf4 18. Rxf4 Qe7 19. Rf7 Rxf7 20. Nxf7+ Kg8 21. Nh6+ Kf8 22. Qg8# 1-0

[Event "BCF-chT3S 1213 (4NCL)"]
[Site "England"]
[Date "2012.11.04"]
[Round "2.209"]
[White "Zhou, Yang Jian"]
[Black "Grieve, Harry"]
[Result "1-0"]
[WhiteElo "1599"]
[BlackElo "1618"]
[PlyCount "81"]
[EventDate "2012.11.03"]
[EventType "team-swiss"]
[EventRounds "6"]
[EventCountry "ENG"]
[SourceTitle "EXT 2014"]
[Source "ChessBase"]
[SourceDate "2013.11.20"]
[SourceVersion "1"]
[SourceVersionDate "2013.11.20"]
[SourceQuality "1"]
[WhiteTeam "Metropolitan"]
[BlackTeam "BCM Eagles IV"]
[WhiteTeamCountry "ENG"]
[BlackTeamCountry "ENG"]

1. c4 c6 2. g3 e5 3. Bg2 d5 4. cxd5 cxd5 5. d4 e4 6. f3 f5 7. Nh3 Nf6 8. 0-0 Nc6 9. Be3 Bd6 10. Nc3 a6 11. Bg5 Bc7 12. Bxf6 gxf6 13. fxe4 fxe4 14. e3 h5 15. Nf4 Bxf4 16. Rxf4 f5 17. Bh3 Ne7 18. Rh4 Qb6 19. Rxh5 Rh6 20. Bf1 Kd8 21. Rxh6 Qxh6 22. Qd2 Bd7 23. Rc1 Rc8 24. Nd1 Rc6 25. Rxc6 Nxc6 26. Qg2 Be8 27. Qh3 Qf6 28. Nc3 Bf7 29. Qh4 Qxh4 30. gxh4 Ne7 31. Kf2 Kd7 32. Kg3 Ng6 33. h5 Nf8 34. Kh4 Nh7 35. Bh3 Be6 36. Nxd5 Bxd5 37. Bxf5+ Ke7 38. Bxh7 Kf6 39. Bg6 b6 40. b3 a5 41. Kg4 1-0